[Event "Dyfed op 45th"]
[Site "Fishguard"]
[Date "2016.02.26"]
[Round "1"]
[White "Jones, Iolo Cerredig"]
[Black "Gough, Rod"]
[Result "1-0"]
[WhiteElo "2171"]
[BlackElo "1826"]
[PlyCount "53"]
[EventDate "2016.02.26"]
[EventType "swiss"]
[EventRounds "5"]
[EventCountry "WLS"]
[SourceTitle "EXT 2018"]
[Source "ChessBase"]
[SourceDate "2017.10.13"]
[SourceVersion "1"]
[SourceVersionDate "2017.10.13"]
[SourceQuality "1"]

1. d4 g6 2. e4 Bg7 3. Nc3 c5 4. d5 d6 5. Nf3 Nh6 6. Bb5+ Nd7 7. a4 f6 8. Ne2 a6 9. Bd3 Nf7 10. Nf4 Nde5 11. Nxe5 Nxe5 12. Be2 Qb6 13. c3 Bh6 14. a5 Qc7 15. 0-0 Bxf4 16. Bxf4 Nf7 17. Be3 Bd7 18. b4 0-0 19. f4 Kg7 20. Qb3 Nh6 21. bxc5 dxc5 22. Rfb1 Rab8 23. Qb6 Rfc8 24. Qxc7 Rxc7 25. Bxa6 Nf7 26. Bd3 Nd6 27. c4 1-0

[Event "Politiken Cup 37th"]
[Site "Helsingor"]
[Date "2015.07.26"]
[Round "2"]
[White "Gough, Rod"]
[Black "Tryggestad, Linnea Garberg"]
[Result "1-0"]
[WhiteElo "1822"]
[BlackElo "1422"]
[PlyCount "93"]
[EventDate "2015.07.25"]
[EventType "swiss"]
[EventRounds "10"]
[EventCountry "DEN"]
[SourceTitle "CBM 167 Extra"]
[Source "ChessBase"]
[SourceDate "2015.09.14"]
[SourceVersion "1"]
[SourceVersionDate "2015.09.14"]
[SourceQuality "1"]

1. d4 Nf6 2. Nc3 d5 3. Bg5 g6 4. e3 Bg7 5. Bd3 0-0 6. Nf3 Nc6 7. a3 Re8 8. 0-0 e5 9. dxe5 Nxe5 10. Nxe5 Rxe5 11. Bf4 Re8 12. Ne2 Nh5 13. c3 c5 14. Rb1 d4 15. Bb5 Nxf4 16. Nxf4 Bd7 17. Bxd7 Qxd7 18. cxd4 cxd4 19. exd4 Qxd4 20. Qxd4 Bxd4 21. b4 Re4 22. g3 Rd8 23. Rbd1 Bb6 24. Rxd8+ Bxd8 25. Rd1 Bb6 26. Nd5 Rd4 27. Rxd4 Bxd4 28. Kf1 Kf8 29. Ke2 h5 30. f3 Ke8 31. Kd3 Bg7 32. a4 Kd7 33. Kc4 Kd6 34. Nf4 Be5 35. Nd3 b6 36. Nxe5 Kxe5 37. Kb5 Kd4 38. Ka6 Kc4 39. b5 Kb4 40. Kxa7 Ka5 41. Kb7 g5 42. g4 h4 43. h3 f6 44. Kc6 Kxa4 45. Kxb6 Kb4 46. Kc6 Ka5 47. b6 1-0